| Tag |
First Indicator |
Second Indicator |
Subfields |
| LEADER |
00000cam a2200000 a 4500 |
| 001 |
in00001402849 |
| 005 |
20151020053048.0 |
| 008 |
950821s1996 nyu b 001 0 spa |
| 010 |
|
|
|a 95040411
|
| 020 |
|
|
|a 0820430528 (alk. paper)
|
| 035 |
|
|
|a (OCoLC)33079182
|
| 035 |
|
|
|9 AHM6882AM
|
| 040 |
|
|
|a DLC
|c DLC
|d TXA
|d UtOrBLW
|
| 049 |
|
|
|a TXAM
|
| 050 |
0 |
0 |
|a PQ7298.26.U48
|b Z76 1996
|
| 082 |
0 |
0 |
|a 863
|2 20
|
| 100 |
1 |
|
|a López, Irma M.,
|d 1957-
|
| 245 |
1 |
0 |
|a Historia, escritura e identidad :
|b la novelística de María Luisa Puga /
|c Irma M. López.
|
| 264 |
|
1 |
|a New York :
|b P. Lang,
|c [1996]
|
| 264 |
|
4 |
|c ©1996
|
| 300 |
|
|
|a x, 140 pages ;
|c 24 cm.
|
| 336 |
|
|
|a text
|b txt
|2 rdacontent
|
| 337 |
|
|
|a unmediated
|b n
|2 rdamedia
|
| 338 |
|
|
|a volume
|b nc
|2 rdacarrier
|
| 490 |
1 |
|
|a Wor(l)ds of change : Latin American and Iberian literature ;
|v vol. 23
|
| 504 |
|
|
|a Includes bibliographical references (pages [127]-140) and index.
|
| 600 |
1 |
0 |
|a Puga, María Luisa,
|d 1944-2004
|x Criticism and interpretation.
|
| 650 |
|
0 |
|a History in literature.
|
| 651 |
|
0 |
|a Mexico
|x In literature.
|
| 650 |
|
0 |
|a Identity (Psychology) in literature.
|
| 650 |
|
0 |
|a Autobiography in literature.
|
| 830 |
|
0 |
|a Wor(l)ds of change ;
|v v. 23.
|
| 948 |
|
|
|a c:dm
|
| 999 |
|
|
|a MARS
|
| 999 |
f |
f |
|s 304f43a5-dde0-3652-a607-bd0bf98c28fa
|i 8a09d867-f769-3c4b-8047-4f2b1aec6328
|t 0
|
| 952 |
f |
f |
|p ric
|a Texas A&M University
|b Rellis Campus
|c Joint Library Facility
|s JLF
|d Remote Storage
|t 0
|e PQ7298.26.U48 Z76 1996
|h Library of Congress classification
|i unmediated -- volume
|m A14822544394
|
| 998 |
f |
f |
|a PQ7298.26.U48 Z76 1996
|t 0
|l Remote Storage
|